La no-proliferación y el desarme en perspectiva histórica (Registro nro. 184489)

Detalles MARC
000 -ENCABEZADO
Número de control [NR] 00893 a2200241 4500
005 - FECHA Y HORA DE LA ÚLTIMA TRANSACCIÓN
control field 20140903175024.0
008 - DE LONGITUD FIJA DE DATOS DE ELEMENTOS - INFORMACIÓN GENERAL
Elementos de longitud fija [NR] 140219s2010 sp frn 001 0 spa d
020 ## - NUMERO INTERNACIONAL NORMALIZADO PARA LIBROS [R]
Número Internacional Normalizado del libro [NR]  9788498605402
040 ## - FUENTE DE CATALOGACION [NR]
Agencia de catalogación original [NR] CO-BoUCM
Idioma de catalogación [NR] spa
Quien Cataloga [Nuevo]
Quien Clasifica
041 ## - CODIGO DE IDIOMA [R]
Código de idioma para texto/pista de sonido o título separado [R] Español
100 1# - ASIENTO PRINCIPAL--NOMBRE PERSONAL [NR]
Nombre personal [NR] Garrido Rebolledo, Vicente
ID Autoridad 52858
245 13 - MENCION DE TITULO [NR]
Título [NR] La no-proliferación y el desarme en perspectiva histórica
Mención de responsabilidad, etc. [NR] Vicente Garrido Rebolledo
260 ## - PUBLICACION, DISTRIBUCION, ETC. (PIE DE IMPRENTA) [R]
Nombre del editor, distribuidor, etc. [R] Universidad del País Vasco
Lugar de publicación, distribución, etc. [R] Bilbao (Vizcaya, España)
Fecha de publicación, distribución, etc. [R] 2010
300 ## - DESCRIPCION FISICA [R]
Extensión [R] 41 páginas
490 ## - MENCION DE SERIE [R]
Mención de serie [R] Colección de estudios internacionales
Designación numérica/secuencial del volumen [NR] 7
504 ## - NOTA DE BIBLIOGRAFIA, ETC. [R]
Nota de bibliografía, etc. [NR] Incluye referencias bibliográficas
650 #4 - ASIENTO SECUNDARIO DE MATERIA - TERMINO TEMATICO [R]
9 (RLIN) 9357
Término temático o nombre geográfico como elemento de entrada [NR] Armas nucleares
650 #7 - ASIENTO SECUNDARIO DE MATERIA - TERMINO TEMATICO [R]
9 (RLIN) 12922
Término temático o nombre geográfico como elemento de entrada [NR] Desarme nuclear
Subdivisión general [R] Historia
650 #7 - ASIENTO SECUNDARIO DE MATERIA - TERMINO TEMATICO [R]
9 (RLIN) 20412
Término temático o nombre geográfico como elemento de entrada [NR] No proliferación nuclear
690 ## - ASUNTO AGREGADO LOCAL DE ENTRADA - TÉRMINO TEMÁTICO (OCLC, RLIN)
9 (RLIN) 42753
Acceso temático local Ciencia militar
942 ## - ELEMENTOS DE ENTRADA AGREGADOS (KOHA)
Tema principal Ciencia política
Tipo de ítem principal el descrito en 300a Libro
Edición 1
Parte restante de la signatura top. G241
Sistema de clasificación DEWEY
Clasificación 355.825119
Existencias
Fecha de último préstamo Total préstamos Total Renewals Signatura topográfica Código de barras Última vez visto Ejemplar Costo de reposición Price effective from Tipo de ítem Perdido Sistema de clasificación Dañado No prestable Tipo de ítem específico Suprimido Ubicación habitual Ubicación actual Localización Fecha de creación Proveedor Forma de adquisición Costo
23/01/2015 3 3 355.825119 G241 100140358 09/12/2025 Ej.1 22900.00 22/01/2014 Libro   DEWEY     Libro   Claustro Claustro 2do piso 22/01/2014 15 Compra 22900.00